Les dieux de l'olympe - Statistiques

Statistiques générales
  • Ce quiz a été pris 601 fois
  • Le résultat moyen est 11 sur 14
Statistiques - réponses
Hint Réponse % Correct
1 Zeus
100%
3 Poséidon
94%
4 Héra
89%
6 Athéna
88%
2 Hadès
87%
8 Aphrodite
81%
10 Apollon
81%
7 Arès
80%
11 Hermès
79%
9 Artémis
75%
12 Héphaïstos
75%
14 Dionysos
70%
5 Déméter
64%
13 Hestia
53%
Aucun quiz correspondant
Distribution des résultats
% des personnes avec chaque résultat
Percentile par nombre de réponses
Votre historique - résultats
Vous n’avez pas pris ce quiz